Characters in the Beatles' songs - Statistics

General Stats
  • This quiz has been taken 30 times
  • The average score is 14 of 20
Answer Stats
Hint Answer % Correct
She's a lovely meter maid Rita
96%
You can follow this girl with kaleidoscope eyes down to a bridge by the fountain Lucy
91%
He has a barrow in the market place Desmond Jones
83%
Her face is in a jar by the door Eleanor Rigby
83%
She is the singer in a band Molly Jones
83%
He goes tiger hunting with an elephant and a gun Bungalow Bill
74%
He really shouldn't carry the world upon his shoulders Jude
74%
He taught this band (that goes in and out of style) to play Sergeant Pepper
74%
This beautiful lady does not understand English Michelle
70%
This doctor will do anything he can to help you Robert
70%
The name of your second grandchild when you are sixty-four Chuck
65%
This is Mr. Mustard's sister, and she works in a shop Pam
65%
This young boy lived in the Black Mountain Hills of Dakota Rocky Raccoon
65%
She was studying pataphysical science in the home when a phone call ruined her life Joan
61%
He performs his feat on Saturday at Bishopsgate Mr. Kite
61%
The name of your third grandchild when you are sixty-four Dave
52%
Take a good look around you, silly girl! Martha
52%
He made a fool of everyone Sadie
52%
The name of your first grandchild when you are sixty-four Vera
52%
Her hair is made of floating sky that shimmers in the sun Julia
39%
No matching quizzes found
Score Distribution
Percent of People with Each Score
Percentile by Number Answered
Your Score History
You have not taken this quiz